Catálogo oficial de la Exposición Nacional de Pintura, Escultura y Arquitectura, año 1917. (Record no. 43721)
[ view plain ]
| 000 -LEADER | |
|---|---|
| campo de control de longitud fija | 00639nam a2200181 i 4500 |
| 001 - NÚMERO DE CONTROL | |
| campo de control | 43721 |
| 003 - IDENTIFICADOR DE NÚMERO DE CONTROL | |
| campo de control | ES-MaACL |
| 005 - FECHA Y HORA DE LA ÚLTIMA TRANSACCIÓN | |
| campo de control | 20250627024131.0 |
| 007 - CAMPO FIJO DE DESCRIPCIÓN FÍSICA--INFORMACIÓN GENERAL | |
| campo de control de longitud fija | t| |
| 008 - DATOS DE LONGITUD FIJA--INFORMACIÓN GENERAL | |
| campo de control de longitud fija | 030318q1917 sp ||||1| spa d |
| 111 2# - ENTRADA PRINCIPAL--NOMBRE DE CONGRESO/REUNIÓN | |
| Nombre de congreso/reunión o jurisdicción como elemento de entrada | Exposición Nacional de Pintura, Escultura y Arquitectura ( |
| Fecha del congreso o de la firma del tratado | 1917. |
| Sede del congreso/Lugar de la reunión | Madrid) |
| 9 (RLIN) | 159394 |
| 245 10 - MENCIÓN DEL TÍTULO | |
| Título | Catálogo oficial de la Exposición Nacional de Pintura, Escultura y Arquitectura, año 1917. |
| 260 ## - PUBLICACIÓN, DISTRIBUCIÓN, ETC. | |
| Lugar de publicación, distribución, etc. | Madrid : |
| Nombre del editor, distribuidor, etc. | [s.n., |
| Fecha de publicación, distribución, etc. | 1917?] ( |
| Fabricante | Artes Gráficas Mateu) |
| 300 ## - DESCRIPCIÓN FÍSICA | |
| Extensión | 63 p., 40 h. de lám. ; |
| Dimensiones | 20 cm. |
| 852 ## - LOCALIZACIÓN | |
| Ubicación | ES-MaACL |
| Número de control de estantería | G-10463 |
| 942 ## - ELEMENTOS DE ENTRADA SECUNDARIOS (KOHA) | |
| Fuente del sistema de clasificación o colocación | Clasificación decimal universal |
| Estatus retirado | Estado de pérdida | Estado de daño | No para préstamo | Biblioteca de origen | Biblioteca actual | Ubicación en estantería | Fecha de adquisición | Fuente de adquisición | Total de préstamos | Signatura topográfica completa | Código de barras | Visto por última vez | Precio de reemplazo | Tipo de ítem Koha |
|---|---|---|---|---|---|---|---|---|---|---|---|---|---|---|
| Biblioteca del Ateneo de Madrid | Biblioteca del Ateneo de Madrid | Sala Pecera Planta 3 | 17/01/2008 | G-10463 | 1046024 | 23/02/2023 | 23/02/2023 | Libro impreso |
